Valtiot, joissa on korkeimmat tulivuoret - Statistics

Yleistilastot
  • Tätä visaa on pelattu 443 kertaa
  • Keskiarvotulos 11 / 20
Vastaustilastot
Korkeus Valtio % Oikein
5 005 Yhdysvallat
94%
5 642 Venäjä
82%
6 893 Chile
80%
6 893 Argentiina
77%
5 636 Meksiko
76%
6 425 Peru
75%
5 364 Kolumbia
72%
6 542 Bolivia
68%
6 267 Ecuador
66%
5 199 Kenia
52%
5 895 Tansania
52%
5 137 Turkki
49%
5 610 Iran
47%
4 220 Guatemala
37%
4 321 Uganda
34%
4 368 Papua-Uusi-Guinea
33%
4 095 Armenia
30%
5 047 Georgia
30%
4 507 Ruanda
26%
4 095 Kamerun
14%
Ehtoja vastaavia visoja ei löytynyt
Tulosjakauma
Jokaisen tuloksen saaneiden osuus
Persentiili vastausten määrän mukaan
Tuloshistoriasi
Et ole pelannut tätä visaa